| 000 | 00756nas a2200241 4500 | ||
|---|---|---|---|
| 001 | BR6010570 | ||
| 003 | BR-BrBNA | ||
| 005 | 20231205082126.0 | ||
| 007 | ta | ||
| 008 | 230509b bl.|||p| |||| 00| 00por d | ||
| 040 |
_aBR-BrBNA _bpor _cBiblioteca Nacional de Agricultura |
||
| 041 | _a(Pt) | ||
| 072 | _aH20 | ||
| 100 | 1 | _aChaves, G.M. | |
| 100 | 1 | _aErickson, H.T. | |
| 245 | 1 | _aPyrenochaeta terrestris (Hansen)Gorenz, J.C. Walker e Larson, um novo fungo da cebola (Allium cepa L.)em Minas Gerais [Brasil] | |
| 650 | _aCEBOLA | ||
| 650 | _aFUNGO | ||
| 650 | _aMINAS GERAIS | ||
| 773 | 0 |
_tRevista Ceres (Brazil) _xISSN 0034-737X _g(Jul-Dec 1960), v. 11(63) p. 112-114 _wBR6010570 |
|
| 909 |
_a202311 _bLúcia _c55 _dLúcia Elande |
||
| 942 |
_2AGRIS _n0 _cANA |
||
| 999 |
_c89334 _d89334 |
||